Flash alapú rajzoktató segédlet interaktív táblához

Elmentve itt :
Bibliográfiai részletek
Szerző: Pukánszki Anna
További közreműködők: Füvesi István (Témavezető)
Dokumentumtípus: Szakdolgozat
Megjelent: 2010
Tárgyszavak:
Online Access:http://diploma.bibl.u-szeged.hu/3651
LEADER 00810nta a2200181 i 4500
001 dipl3651
005 20130314072927.0
008 110113s2010 hu om 0|| hun d
040 |a SZTE Diploma Repozitórium  |b hun 
041 |a hun 
100 1 |a Pukánszki Anna 
245 1 0 |a Flash alapú rajzoktató segédlet interaktív táblához  |h [elektronikus dokumentum] /  |c Anna Pukánszki 
260 |c 2010 
650 4 |a Informatika 
700 1 |a Füvesi István  |e ths 
856 4 0 |u http://diploma.bibl.u-szeged.hu/id/eprint/3651/1/2010_pukanszki_anna_10_110.pdf  |z Dokumentum-elérés  
856 4 0 |u http://diploma.bibl.u-szeged.hu/id/eprint/3651/2/2010_pukanszki_anna_10_110_melleklet.tar.gz  |z Dokumentum-elérés  
856 4 0 |u http://diploma.bibl.u-szeged.hu/id/eprint/3651/3/2010_pukanszki_anna_10_110_biralat.pdf  |z Dokumentum-elérés